Scheme to increase mediation (Record no. 117146)

MARC details
000 -LEADER
fixed length control field 01231cam a2200205 4500
001 - CONTROL NUMBER
control field WB4013-05
008 - FIXED-LENGTH DATA ELEMENTS--GENERAL INFORMATION
fixed length control field 040329n2004 000 0 eng u
035 ## - SYSTEM CONTROL NUMBER
System control number (Sirsi) u125660
245 ## - TITLE STATEMENT
Title Scheme to increase mediation
260 ## - PUBLICATION, DISTRIBUTION, ETC.
Date of publication, distribution, etc. 2004
490 ## - SERIES STATEMENT
Series statement Department for Constitutional Affairs Press Notice
Volume/sequential designation (117/04) 29 March 2004 (2)
520 ## - SUMMARY, ETC.
Summary, etc. Government has unveiled a pilot scheme to encourage more people to settle disputes out of court. The scheme will be housed in the Central London Civil Justice Centre and will automatically refer selected civil cases to mediation. Around 20 cases per week will be selected for referral and parties will have to give their reasons if they object. Both parties will be advised that their case has been referred to mediation and asked to submit a £100 fee each and dates to avoid for their three-hour meeting with a mediator. Further information is available from Mike Burke t +44 (0)20 7917 5140. http://www.gnn.gov.uk/gnn/national.nsf/Today's+Rel eases+Frame/5BC12DDA6C046ACF80256E65007FB15B?opend ocument
590 ## - LOCAL NOTE (RLIN)
Local note WB
590 ## - LOCAL NOTE (RLIN)
Local note WB
650 ## - SUBJECT ADDED ENTRY--TOPICAL TERM
Topical term or geographic name entry element MEDIATION
650 ## - SUBJECT ADDED ENTRY--TOPICAL TERM
Topical term or geographic name entry element CIVIL CASES
650 ## - SUBJECT ADDED ENTRY--TOPICAL TERM
Topical term or geographic name entry element COURT PROCEDURES
690 ## - LOCAL SUBJECT ADDED ENTRY--TOPICAL TERM (OCLC, RLIN)
Topical term or geographic name as entry element DISPUTE RESOLUTION
9 (RLIN) 6236
942 ## - ADDED ENTRY ELEMENTS (KOHA)
Suppress in OPAC 0
Holdings
Withdrawn status Lost status Source of classification or shelving scheme Damaged status Not for loan Home library Current library Shelving location Date acquired Total Checkouts Full call number Barcode Date last seen Copy number Price effective from Koha item type
    Dewey Decimal Classification     London London News article 29/03/2004   WB4013-05 125660-1001 06/08/2019 1 06/08/2019 News article